| 000 | 00438nam a22001457a 4500 | ||
|---|---|---|---|
| 003 | DO-SdBNP | ||
| 005 | 20160704110439.0 | ||
| 008 | 160518b2008 dr||||| |||| 00| 0 spa d | ||
| 040 |
_aBPMSU _bspa _cBPMSU |
||
| 245 |
_aLecto-pintura mis primeros pasos leyendo me divierto v. 1 : _bintroducción a la lectura |
||
| 260 |
_aSanto Domingo : _bRhema _c2008 |
||
| 300 |
_a51 p. : _bil. : _c22 cm |
||
| 942 |
_2ddc _cBK |
||
| 956 | _adaysi garcia | ||
| 999 |
_c10167 _d10167 |
||